000 00742cam a22002653a 4500
001 4360
003 PGUSA
005 20140828083053.0
008 030801s2003||||xxu|||||s|||||000 1 eng d
040 _aPGUSA
_beng
042 _adc
050 4 _aPR
100 1 _aCorelli, Marie,
_d1855-1924
245 1 0 _aVendetta :
_bA Story of One Forgotten
_h[electronic resource] /
_cMarie Corelli
260 _bProject Gutenberg,
_c2003
506 _aPublic domain in the USA.
516 _aElectronic text
653 _aVendetta -- Fiction
653 _aAdultery -- Fiction
653 _aRevenge -- Fiction
653 _aItaly -- Fiction
830 0 _aProject Gutenberg
_v4360
856 4 0 _uhttp://www.gutenberg.org/ebooks/4360
942 _cEB
999 _c233689
_d233689